| 000 | 01117nam a2200313 i 4500 | ||
|---|---|---|---|
| 003 | EG-GICUC | ||
| 005 | 20260428091341.0 | ||
| 008 | 260428s1896 fr ||||fr|||| 00| 0 fre d | ||
| 040 |
_aEG-GiCUC _bfre _cEG-GiCUC _dEG-GiCUC _eRda |
||
| 041 | 0 | _afre | |
| 082 | 0 | 4 |
_221 _a343.83 _bBR . C |
| 092 | 0 | 4 | _221 |
| 099 | _aLaw1 10 343.83 BR . C 1896 | ||
| 100 | 1 |
_aMinière-Guerzentevitch, B. _eAuteur |
|
| 245 | 1 | 0 |
_aCours de médecine légale de la Faculté de Médecine de Paris : _bles asphyxies par les gaz, les vapeurs et les anesthésiques / _c par P. Brouardel |
| 264 | 1 |
_aParis : _bLibrairie J.-B. Baillière et Fils, _c1896. |
|
| 300 |
_a130 page ; _c 24 cm. _billustration ; |
||
| 336 |
_2rda contenu _a texte |
||
| 337 |
_2rda medias _aOrdinateur |
||
| 338 |
_2 transporteur rda _a Ressource en ligne |
||
| 504 | _aComprend des références bibliographiques. | ||
| 546 | _aTexte en français | ||
| 650 | 1 |
_aDroit pénal _2qrmak |
|
| 651 | 1 | _2qrmak | |
| 700 | 1 |
_aArdel, André _ePrésident |
|
| 856 | 4 | 0 | _uhttps://fll.law.cu.edu.eg/fulltext/bks/B10-11670.pdf |
| 905 | _a74 | ||
| 942 |
_2ddc _n0 _cBK _e21 |
||
| 999 |
_c73779 _d73779 |
||